The role of building services in sustainable development (Record no. 68159)

MARC details
000 -LEADER
fixed length control field 00925cam a2200217 4500
001 - CONTROL NUMBER
control field ABS64335
008 - FIXED-LENGTH DATA ELEMENTS--GENERAL INFORMATION
fixed length control field 010905n2001 000 0 eng u
035 ## - SYSTEM CONTROL NUMBER
System control number (Sirsi) u114434
100 ## - MAIN ENTRY--PERSONAL NAME
Personal name Ross, T
245 #4 - TITLE STATEMENT
Title The role of building services in sustainable development
260 ## - PUBLICATION, DISTRIBUTION, ETC.
Date of publication, distribution, etc. 2001
490 ## - SERIES STATEMENT
Series statement ASI Journal
Volume/sequential designation 12(9) August 2001, 17(1)
520 ## - SUMMARY, ETC.
Summary, etc. Examines the role of building services in the provision of sustainable developments. Provides a brief description of the meaning of 'sustainable development' and looks at how building services engineers can contribute to the design of a building in the early stages to help reduce energy consumption in the final building.
590 ## - LOCAL NOTE (RLIN)
Local note ABS
650 ## - SUBJECT ADDED ENTRY--TOPICAL TERM
Topical term or geographic name entry element Block management
9 (RLIN) 6220
650 ## - SUBJECT ADDED ENTRY--TOPICAL TERM
Topical term or geographic name entry element SUSTAINABLE DEVELOPMENTS
650 ## - SUBJECT ADDED ENTRY--TOPICAL TERM
Topical term or geographic name entry element SERVICES ENGINEERS
650 ## - SUBJECT ADDED ENTRY--TOPICAL TERM
Topical term or geographic name entry element ENVIRONMENTALLY FRIENDLY
690 ## - LOCAL SUBJECT ADDED ENTRY--TOPICAL TERM (OCLC, RLIN)
Topical term or geographic name as entry element BUILT ENVIRONMENT-SUSTAINABLE CONSTRUCTION
942 ## - ADDED ENTRY ELEMENTS (KOHA)
Suppress in OPAC 0
Holdings
Withdrawn status Lost status Source of classification or shelving scheme Damaged status Not for loan Home library Current library Shelving location Date acquired Total Checkouts Full call number Barcode Date last seen Copy number Price effective from Koha item type
    Dewey Decimal Classification     London London Journal article 05/09/2001   ABS64335 114434-1001 06/08/2019 1 06/08/2019 Journal article